Port Vale Trivia - Statistics

General Stats
  • This quiz has been taken 13 times
  • The average score is 10 of 15
Answer Stats
Question Answer % Correct
Who is the current manager of Port Vale? Darren Moore
92%
Which popstar and lifelong Port Vale supporter provided the theme song for FIFA 2000, on the condition that the club, then in the second tier, be included in the game, at a time when only top-flight teams were featured? Robbie Williams
92%
What is Port Vale’s nickname? The {Valiants}
92%
What is the name of Port Vale’s stadium? Vale Park
92%
With which club does Port Vale contest the Potteries Derby? Stoke City
83%
Who is the current captain of Port Vale? Ben Garrity
67%
Who is Port Vale’s record signing, arriving from Lincoln City for £500k in 1997? Gareth Ainsworth
67%
Who is Port Vale’s record sale, Wimbledon for £2m in 1998? Gareth Ainsworth
67%
Who scored 31 league goals for Port Vale in the 2012/13 season, making him the top scorer in England's top five divisions? Tom Pope
67%
Who is Port Vale's longest-serving and most successful manager, guiding the club to three promotions, in 1986, 1989 and 1994, as well as the 1993 Autoglass Trophy, across his 843 games in charge? John Rudge
58%
Which Englishman is Port Vale’s record appearance-maker with 842? Roy Sproson
58%
Who is the only player to appear at a FIFA World Cup whilst playing for Port Vale, representing Trinidad and Tobago at the 2006 tournament in Germany? Chris Birchall
50%
Which club did Port Vale beat 3-0 to win the 2022 League Two Play-Off Final? Mansfield Town
50%
Which Englishman is Port Vale’s record goalscorer with 164? Wilf Kirkham
42%
Who scored the winning goal as Port Vale beat Brentford 2-1 in the 2001 LDV Vans Trophy Final? Steve Brooker
25%
No matching quizzes found
Score Distribution
Percent of People with Each Score
Percentile by Number Answered
Your Score History
You have not taken this quiz